00366nam a2200145Ia 4500003000400000005001700004008004100021040000700062041000800069082002100077100002000098245005000118260004000168365001200208OSt20230519110009.0210423s1997 xx 000 0 und d cAL aeng a158.4 223bKELH aKELLER (James). aHow you can conduct a small leadership group. aMumbaibBetter Yourself Booksc1997 b40cINR